00661nam a2200157Ia 4500008004100000020001500041050002100056100003500077245006200112250001800174260003000192300001800222505022700240650002200467650001400489120720s2000 mx 000 0 spa d a9686478345 aHF5667bP47 2000 aPerdomo Moreno, Abrahameautor aFundamentos de control internoc / Abraham Perdomo Moreno a7a. edición aMéxicob : PEMAc, 2000 a340 páginas aControl interno - Elementos Control interno - Operaciones básicas Revisión de control interno Evaluación de control interno - Cuestionarios Informe de control interno Diagramas de flujo y gráficas de organización14aAREA DE AUDITORIA24aAUDITORIA